000 00453nam a2200181Ia 4500
008 170705s9999 xx 000 0 und d
020 _a439319447
245 _aFluffy's lucky day /
245 _cKate McMullan ; illustrated by Mavis Smith.
260 _aNew York :
260 _bScholastic,
260 _c2002
300 _aunpaged :
300 _bcolor illustration ;
300 _c23cm.
440 _aHello reader! Level 3.
500 _a160
999 _c335335
_d335335